000 01313cam a22003497a 4500
003 CHAP
005 20220329141418.0
008 971013s1987 r 00010 d
010 _a67752
011 _a68724
035 _a78197
040 _cCHAP
082 _a551.5
_bG63
100 0 0 _aGómez Morales, Santiago Benjamín.
_949823
245 0 _aElementos básicos para el manejo de instrumental meteorológico
260 _aMéxico, D. F. :
_bCECSA,
_c1987
300 _a152 p.
_b: ilus.
500 _ac.4 sust. por Romo González, José R. Meteorologia Agrícola c.4
590 _aBATCH-UPD
_b10
_c20130110
_lUCH01
_h1244
590 _aBATCH-UPD
_b10
_c20130410
_lUCH01
_h0809
590 _aBATCH-UPD
_b10
_c20130914
_lUCH01
_h0413
590 _aBATCH-UPD
_b10
_c20130914
_lUCH01
_h2021
590 _aCONVERSION
_b10
_c20130109
_lUCH01
_h1337
650 1 4 _aMeteorología
_xAparatos e instrumentos.
_975196
700 0 _aArteaga Ramírez, Ramón.
_97725
901 _aBK
942 _cLIBRO
949 _a551.5 G63
_bBC
_cLIBRO
_d33724000434486
_eLIBRO
_fc.3
_h77300
_i78197
_si
949 _a551.5 G63
_bBC
_cLIBRO
_d33724000889366
_eLIBRO
_fc.2
_h77299
_i78197
_si
949 _a551.5 G63
_bBC
_cLIBRO
_d33724000911582
_eLIBRO
_h71266
_i78197
_mD
_si
949 _a551.5 G63
_bBC
_cLIBRO
_d33724002009330
_eLIBRO
_fc.5
_h78525
_i78197
_si
999 _c67752
_d67752